Nuclear weapons and the future of humanity : (Record no. 5573)

MARC details
000 -LEADER
fixed length control field 01029cac a22002891u 4500
090 ## - LOCALLY ASSIGNED LC-TYPE CALL NUMBER (OCLC); LOCAL CALL NUMBER (OCLC)
-- 5573
008 - FIXED-LENGTH DATA ELEMENTS--GENERAL INFORMATION
fixed length control field 081112t1986 xxu||||| |||| 00| 0 eng d
010 ## - LIBRARY OF CONGRESS CONTROL NUMBER
LC control number 84018362
020 ## - INTERNATIONAL STANDARD BOOK NUMBER
International Standard Book Number 0847672581 (pbk.) :
020 ## - INTERNATIONAL STANDARD BOOK NUMBER
International Standard Book Number 0847672573 (hard) :
082 00 - DEWEY DECIMAL CLASSIFICATION NUMBER
Classification number 172.24
Item number COH
100 ## - MAIN ENTRY--PERSONAL NAME
Personal name Cohen, Avner.[ed.]
245 00 - TITLE STATEMENT
Title Nuclear weapons and the future of humanity :
Remainder of title the fundamental questions /
Statement of responsibility, etc edited by Avner Cohen and Steven Lee.
260 ## - PUBLICATION, DISTRIBUTION, ETC. (IMPRINT)
Place of publication, distribution, etc Totowa, N.J. :
Name of publisher, distributor, etc Rowman & Allanheld,
Date of publication, distribution, etc c.1986.
300 ## - PHYSICAL DESCRIPTION
Extent xii, 496 p. ;
Dimensions 24 cm.
440 #0 -
-- Philosophy and society series
500 ## - GENERAL NOTE
General note Distributer : Al-Ahram.
504 ## - BIBLIOGRAPHY, ETC. NOTE
Bibliography, etc Includes bibliographies and indexes.
511 ## - PARTICIPANT OR PERFORMER NOTE
Participant or performer note Catalogued By: Mahitab.
650 #0 - SUBJECT ADDED ENTRY--TOPICAL TERM
Topical term or geographic name as entry element Nuclear weapons
General subdivision Moral and ethical aspects.
650 #0 - SUBJECT ADDED ENTRY--TOPICAL TERM
Topical term or geographic name as entry element Nuclear warfare
General subdivision Moral and ethical aspects.
650 #0 - SUBJECT ADDED ENTRY--TOPICAL TERM
Topical term or geographic name as entry element Antinuclear movement.
650 #0 - SUBJECT ADDED ENTRY--TOPICAL TERM
Topical term or geographic name as entry element World politics
Chronological subdivision 1975-1985.
700 1# - ADDED ENTRY--PERSONAL NAME
Personal name Lee, Steven.
942 ## - ADDED ENTRY ELEMENTS (KOHA)
Item type Book - Borrowing
Call number prefix 172.24COH
Source of classification or shelving scheme Dewey Decimal Classification
Holdings
Withdrawn status Item status Damaged status Not for loan Home library Current library Shelving location Date acquired Source of acquisition Total Checkouts Total Renewals Full call number Barcode Date last seen Date last borrowed Koha item type
        Central Library Central Library Lower Floor 31/10/2007 Purchase 1 1 172.24COH 000007054 15/07/2025 04/11/2012 Book - Borrowing